Land-based sources of seismic signals; Mechanical Engineering, Automation and Control Systems (MEACS)
| Parent link: | Mechanical Engineering, Automation and Control Systems (MEACS).— 2014.— [3 p.] |
|---|---|
| Autor corporatiu: | |
| Altres autors: | , , , |
| Sumari: | Title screen The paper describes the main types of pulse and code-pulse sources of seismic signals. Advantages and disadvantages of these devices are observed. Block diagram of vibration sources of seismic vibrations is given. Режим доступа: по договору с организацией-держателем ресурса |
| Idioma: | anglès |
| Publicat: |
2014
|
| Matèries: | |
| Accés en línia: | http://dx.doi.org/10.1109/MEACS.2014.6986947 |
| Format: | MixedMaterials Electrònic Capítol de llibre |
| KOHA link: | https://koha.lib.tpu.ru/cgi-bin/koha/opac-detail.pl?biblionumber=639080 |
MARC
| LEADER | 00000nla2a2200000 4500 | ||
|---|---|---|---|
| 001 | 639080 | ||
| 005 | 20231214132925.0 | ||
| 035 | |a (RuTPU)RU\TPU\network\3478 | ||
| 035 | |a RU\TPU\network\3477 | ||
| 090 | |a 639080 | ||
| 100 | |a 20150219a2014 k y0engy50 ba | ||
| 101 | 0 | |a eng | |
| 105 | |a a z 101zy | ||
| 135 | |a drcn ---uucaa | ||
| 181 | 0 | |a i | |
| 182 | 0 | |a b | |
| 200 | 1 | |a Land-based sources of seismic signals |f A. N. Gavrilin [et al.] | |
| 203 | |a Text |c electronic | ||
| 300 | |a Title screen | ||
| 320 | |a [References: 11 tit.] | ||
| 330 | |a The paper describes the main types of pulse and code-pulse sources of seismic signals. Advantages and disadvantages of these devices are observed. Block diagram of vibration sources of seismic vibrations is given. | ||
| 333 | |a Режим доступа: по договору с организацией-держателем ресурса | ||
| 463 | 0 | |0 (RuTPU)RU\TPU\network\3200 |t Mechanical Engineering, Automation and Control Systems (MEACS) |o proceedings of the International Conference, Tomsk, 16-18 October, 2014 |f National Research Tomsk Polytechnic University (TPU) ; Institute of Electrical and Electronics Engineers (IEEE) |v [3 p.] |d 2014 | |
| 610 | 1 | |a электронный ресурс | |
| 610 | 1 | |a труды учёных ТПУ | |
| 610 | 1 | |a code-impulse | |
| 610 | 1 | |a impulsive | |
| 610 | 1 | |a seismic signal source | |
| 610 | 1 | |a импульсы | |
| 610 | 1 | |a сейсмические сигналы | |
| 610 | 1 | |a источники сигнала | |
| 701 | 1 | |a Gavrilin |b A. N. |c Specialist in the field of mechanical engineering |c Associate Professor of Tomsk Polytechnic University, Candidate of technical sciences |f 1960- |g Aleksei Nikolaevich |3 (RuTPU)RU\TPU\pers\33397 |9 17091 | |
| 701 | 1 | |a Chuprin |b E. A. | |
| 701 | 1 | |a Moises |b B. B. |c specialist in the field of mechanical engineering |c Associate Professor of Tomsk Polytechnic University, Candidate of technical sciences |f 1975- |g Boris Borisovich |3 (RuTPU)RU\TPU\pers\32979 | |
| 701 | 1 | |a Halabuzar |b E. A. | |
| 712 | 0 | 2 | |a Национальный исследовательский Томский политехнический университет (ТПУ) |b Институт кибернетики (ИК) |b Кафедра автоматизации и роботизации в машиностроении (АРМ) |3 (RuTPU)RU\TPU\col\18704 |
| 801 | 2 | |a RU |b 63413507 |c 20161227 |g RCR | |
| 856 | 4 | |u http://dx.doi.org/10.1109/MEACS.2014.6986947 | |
| 942 | |c CF | ||